|
|
|
|
| LEADER |
00000nab#a22000007a#4500 |
| 001 |
arbauad027560 |
| 003 |
AR-BaUAD |
| 005 |
20250711112245.0 |
| 008 |
970711|||||||||###||||||b###|0###a|spa|| |
| 040 |
|
|
|a AR-BaUAD
|c AR-BaUAD
|b spa
|
| 100 |
|
|
|a Codrington, Andrea
|
| 245 |
|
|
|a X Appeal /
|c Andrea Codrington;
|
| 300 |
0 |
|
|b fot.
|
| 653 |
|
|
|a DISEÑO GRAFICO
|
| 653 |
|
|
|a DISEÑADORES
|
| 653 |
|
|
|a ESTADOS UNIDOS
|
| 653 |
|
|
|a ESTUDIOS PROFESIONALES
|
| 653 |
|
|
|a SOCIO X
|
| 653 |
|
|
|a BRIDGET DE SOCIO
|
| 653 |
|
|
|a TAPAS DE REVISTAS
|
| 653 |
|
|
|a REVISTAS
|
| 653 |
|
|
|a DISEÑO EDITORIAL
|
| 653 |
|
|
|a MODA
|
| 653 |
|
|
|a DIRECTORES DE ARTE
|
| 653 |
|
|
|a PAGINAS WEB
|
| 653 |
|
|
|a WEB
|
| 653 |
|
|
|a DISCOS COMPACTOS
|
| 773 |
0 |
|
|t PRINT
|g vol. 51, no. 3 [mayo-junio 1997], p. 29-37
|
| 942 |
|
|
|c ARTI
|
| 952 |
|
|
|0 0
|1 0
|4 0
|7 0
|9 72479
|a AR-BAuAD
|b AR-BAuAD
|d 2025-07-11
|l 0
|p AAQA027560
|r 2025-07-11 11:22:45
|w 2025-07-11
|y ARTI
|
| 990 |
|
|
|a DG199
|b TD
|
| 998 |
|
|
|a AAQ
|b BIBUN76
|
| 999 |
|
|
|c 52152
|d 52152
|